000 00415nam a22001697a 4500
003 MACL
005 20160730125041.0
008 160730b xxu||||| |||| 00| 0 eng d
040 _cMACL
041 _aHindi
082 _a821 VIS
100 _aVishal, Vijay
_965762
245 _aCreation And Evaluation
_cVijay Vishal
260 _aJaipur
_bPopular Book
_c2014
650 _aPoetry
_965763
942 _2ddc
_cBK
999 _c55321
_d55321